[Event "Østlandsserien 2000/2001. 4. div. C"]
[Site "Vevelstad"]
[Date "2000.12.03"]
[Round "2"]
[White "Feraget, Sadik"]
[Black "Simonsen, Steinar"]
[Result "1-0"]
[WhiteElo "1609"]
[BlackElo "1524"]
[PlyCount "77"]
[EventDate "2000.??.??"]

1. d4 Nf6 2. c4 g6 3. Nc3 Bg7 4. e4 d6 5. Nge2 O-O 6. Ng3 c5 7. d5 a6 8. Be2 e6
9. f4 exd5 10. exd5 Re8 11. O-O h5 12. f5 h4 13. fxg6 fxg6 14. Nh1 Bf5 15. Bg5
h3 16. g4 Be4 17. Nxe4 Rxe4 18. Nf2 Rd4 19. Qc2 Qe8 20. Rae1 Nbd7 21. Qc3 Ne5
22. Qxh3 Qd7 23. Be3 Rxc4 24. Bxc4 Nxc4 25. Bc1 Ne5 26. g5 Nxd5 27. Qxd7 Nxd7
28. Re6 Bf8 29. Ne4 Nc7 30. Rxg6+ Kh7 31. Rxd6 Bxd6 32. Rf7+ Kg6 33. Nxd6 Nb5
34. Rxd7 Nd4 35. Be3 Nf3+ 36. Kg2 Ne5 37. Rxb7 Rd8 38. Rb6 Nd7 39. Rxa6 1-0

[Event "Østlandsserien 2000/2001. 4. div. C"]
[Site "Vevelstad"]
[Date "2000.12.03"]
[Round "2"]
[White "Hvesser, Roar"]
[Black "Furnes, Torstein"]
[Result "1/2-1/2"]
[WhiteElo "1424"]
[BlackElo "1448"]
[PlyCount "101"]
[EventDate "2000.??.??"]

1. e4 c5 2. f4 Nc6 3. Nf3 d6 4. c3 e5 5. d3 Nf6 6. Be2 Be7 7. O-O O-O 8. Be3
Re8 9. f5 d5 10. Nbd2 d4 11. cxd4 cxd4 12. Bf2 b5 13. h3 a5 14. g4 h6 15. Bg3
Bd6 16. a3 Ba6 17. Rc1 Rc8 18. Bh4 Rc7 19. g5 hxg5 20. Bxg5 Be7 21. Qe1 Nh7 22.
Bxe7 Qxe7 23. Qg3 Rec8 24. Nb3 Re8 25. Kh2 a4 26. Rg1 f6 27. Nc5 Nb8 28. Nxa6
Nxa6 29. Rxc7 Qxc7 30. Qg6 Rc8 31. h4 Qf7 32. Nxe5 Qxg6 33. Nxg6 Rc2 34. Nf4
Rxb2 35. Rg2 Nc7 36. Nh5 Ne8 37. Nf4 Ra2 38. Ne6 Rxa3 39. Nxd4 b4 40. Bh5 Rxd3
41. Ne6 Nd6 42. Rxg7+ Kh8 43. Ra7 Rc3 44. Rd7 Rc8 45. Bg6 Nf8 46. Rxd6 Nxg6 47.
fxg6 a3 48. Rd7 a2 49. Rh7+ Kg8 50. Rg7+ Kh8 51. Rh7+ 1/2-1/2

[Event "Østlandsserien 2000/2001. 4. div. C"]
[Site "Vevelstad"]
[Date "2000.12.03"]
[Round "2"]
[White "Lund, Alf Haakon"]
[Black "Kolstad, Arvid"]
[Result "1-0"]
[WhiteElo "1486"]
[BlackElo "1083"]
[PlyCount "145"]
[EventDate "2000.??.??"]

1. e4 c5 2. c3 e5 3. Nf3 d6 4. d4 cxd4 5. cxd4 Nc6 6. Bb5 Qa5+ 7. Nc3 a6 8.
Bxc6+ bxc6 9. Qb3 Nf6 10. Bd2 Qc7 11. dxe5 dxe5 12. O-O Be7 13. Rac1 Rb8 14.
Qc2 Bb7 15. Na4 Nd7 16. Be3 O-O 17. Rfd1 Rfc8 18. Qd3 Rd8 19. Qc3 f6 20. Qc4+
Kf8 21. b4 g5 22. Rd3 Ba8 23. a3 Kg7 24. Rcd1 Rb5 25. Nc3 Rb7 26. Qxa6 c5 27.
Nd5 Qd6 28. Qxd6 Bxd6 29. Nxf6 Nxf6 30. bxc5 Bc7 31. Rxd8 Bxd8 32. Nxg5 Kg6 33.
Ne6 Ba5 34. f3 Re7 35. Rd6 Bc7 36. Nxc7 Rxc7 37. Re6 Kf7 38. Rxe5 Bc6 39. Rf5
Ke6 40. Bf4 Ra7 41. Bd6 Rxa3 42. Re5+ Kf7 43. Re7+ Kg6 44. Rc7 Ra6 45. Kf2 Ne8
46. Re7 Bb5 47. e5 Ra2+ 48. Kg3 Ng7 49. Rb7 Nf5+ 50. Kg4 Ne3+ 51. Kf4 Nf5 52.
e6 Ra4+ 53. Ke5 Bc6 54. Rb8 Ra3 55. Rg8+ Ng7 56. Bf8 Re3+ 57. Kd6 Rxe6+ 58. Kc7
Kf7 59. Rxg7+ Kxf8 60. Rxh7 Rg6 61. Rh4 Be8 62. Rf4+ Kg7 63. Rg4 Rxg4 64. fxg4
Kg6 65. Kd6 Kg5 66. h3 Kf6 67. c6 Bf7 68. h4 Be6 69. g5+ Kf7 70. g3 Bg4 71. c7
Bc8 72. h5 Kg7 73. Ke7 1-0

[Event "Østlandsserien 2000/2001. 4. div. C"]
[Site "?"]
[Date "2001.01.21"]
[Round "3"]
[White "Simonsen, Steinar"]
[Black "Lunde, Sigmund"]
[Result "0-1"]
[WhiteElo "1539"]
[BlackElo "1660"]
[PlyCount "59"]

1. e4 c5 2. Nf3 Nc6 3. d4 cxd4 4. Nxd4 Nf6 5. Nc3 d6 6. f4 Bg4 7. Nxc6 bxc6 8.
Be2 Bxe2 9. Qxe2 Nd7 10. Be3 g6 11. Bd4 e5 12. fxe5 Bg7 13. O-O O-O 14. Rad1 c5
15. Be3 Bxe5 16. Bf4 Rb8 17. Bxe5 Nxe5 18. b3 Qa5 19. Nd5 c4 20. Nf6+ Kg7 21.
Rxd6 Qc5+ 22. Qf2 Qxd6 23. Qh4 h6 24. Qf4 Rb6 25. Ng4 Nxg4 26. Qxg4 Qd4+ 27.
Kh1 f6 28. Rd1 Rd8 29. Re1 Qf2 30. Rg1 0-1

[Event "Østlandsserien 2000/2001. 4. div. C"]
[Site "?"]
[Date "2001.01.21"]
[Round "3"]
[White "Grønli, Frank"]
[Black "Høva, Frode"]
[Result "0-1"]
[WhiteElo "1337"]
[BlackElo "1496"]
[PlyCount "82"]
[EventDate "2001.??.??"]

1. e4 c5 2. Nf3 d6 3. d4 cxd4 4. Nxd4 Nf6 5. Nc3 e6 6. Bd3 Nc6 7. Nf3 Be7 8.
O-O a6 9. Bd2 O-O 10. a3 b5 11. b4 Bb7 12. Re1 Ng4 13. h3 Nge5 14. Nxe5 Nxe5
15. f4 Nxd3 16. cxd3 Bf6 17. Ra2 Rc8 18. Ne2 e5 19. f5 d5 20. Ng3 Bh4 21. Qg4
dxe4 22. Nxe4 Bxe1 23. Bg5 Qd4+ 24. Kh2 Bxe4 25. Bh6 g6 26. dxe4 Qd8 27. Bg5
Qd6 28. Re2 Bc3 29. Qh4 Rc7 30. f6 h5 31. Bh6 Kh7 32. Be3 Bd4 33. Rd2 Rc6 34.
Rxd4 exd4+ 35. Bf4 Qxf6 36. Bg5 Qe5+ 37. Bf4 Qxe4 38. Qg5 Qf5 39. Qh6+ Kg8 40.
g4 hxg4 41. hxg4 Qxg4 0-1

[Event "Østlandsserien 2000/2001. 4. div. C"]
[Site "?"]
[Date "2001.01.21"]
[Round "3"]
[White "Furnes, Torstein"]
[Black "Johansen, Tom Rune"]
[Result "1-0"]
[WhiteElo "1485"]
[BlackElo "1120"]
[PlyCount "61"]
[EventDate "2001.??.??"]

1. d4 Nf6 2. c4 g6 3. Nc3 d5 4. e3 Bg7 5. Nf3 O-O 6. Be2 b6 7. O-O Bb7 8. Bd2
e6 9. Rc1 Nbd7 10. cxd5 Nxd5 11. Nxd5 Bxd5 12. a3 Rc8 13. Ba6 Rb8 14. Bb5 c5
15. Bc3 cxd4 16. Bxd4 e5 17. Bc3 f6 18. Qxd5+ Kh8 19. Qxd7 Qxd7 20. Bxd7 Rfd8
21. Rfd1 Rb7 22. Bc6 Rxd1+ 23. Rxd1 Rb8 24. Rd7 a5 25. Ra7 Rc8 26. Ra8 Rxa8 27.
Bxa8 h5 28. h4 Kh7 29. Kf1 Kh6 30. e4 g5 31. hxg5+ 1-0

[Event "Østlandsserien 2000/2001. 4. div. C"]
[Site "?"]
[Date "2001.01.21"]
[Round "3"]
[White "Helgesen, Jack"]
[Black "Lund, Alf Haakon"]
[Result "0-1"]
[WhiteElo "985"]
[BlackElo "1468"]
[PlyCount "43"]
[EventDate "2001.??.??"]

1. e4 c6 2. Nc3 d5 3. d4 dxe4 4. Nxe4 Nf6 5. Nxf6+ gxf6 6. Nf3 Bf5 7. Bc4 e6 8.
O-O Nd7 9. Re1 Nb6 10. Bb3 Qc7 11. g3 h5 12. Bf4 Bd6 13. Bxd6 Qxd6 14. c4 c5
15. d5 Bg4 16. Qd3 O-O-O 17. a4 exd5 18. cxd5 Nxd5 19. Rac1 Kb8 20. Nd2 Qc6 21.
Nc4 Nf4 22. Qe3 0-1

[Event "Østlandsserien 2000/2001. 4. div. C"]
[Site "?"]
[Date "2001.02.11"]
[Round "4"]
[White "Simonsen, Steinar"]
[Black "Nordheim, Odd"]
[Result "0-1"]
[WhiteElo "1539"]
[BlackElo "1679"]
[PlyCount "79"]
[EventDate "2001.??.??"]

1. e4 e6 2. d4 d5 3. exd5 exd5 4. Nf3 Bg4 5. h3 Bh5 6. Nc3 c6 7. Bd3 Nf6 8. Bg5
Nbd7 9. Qe2+ Qe7 10. Qxe7+ Bxe7 11. g4 Bg6 12. O-O-O Bxd3 13. Rxd3 O-O 14. Re3
Bd6 15. Ne5 h6 16. Nxd7 hxg5 17. Nxf6+ gxf6 18. Rf3 Kg7 19. Ne2 Rae8 20. Ng3
Bxg3 21. fxg3 Rh8 22. c3 Re6 23. h4 Rhe8 24. hxg5 fxg5 25. Rf2 Re1+ 26. Rxe1
Rxe1+ 27. Kd2 Re4 28. a4 a5 29. Kd3 Rxg4 30. Rf3 Re4 31. c4 Kg6 32. c5 f5 33.
Re3 Kh5 34. Rf3 Kg4 35. Rf1 Re7 36. b4 axb4 37. Rb1 Kxg3 38. Rxb4 f4 39. a5 f3
40. a6 0-1

[Event "Østlandsserien 2000/2001. 4. div. C"]
[Site "?"]
[Date "2001.02.11"]
[Round "4"]
[White "Furnes, Torstein"]
[Black "Pedersen, Erik Lind"]
[Result "1/2-1/2"]
[WhiteElo "1485"]
[BlackElo "1413"]
[PlyCount "57"]
[EventDate "2001.??.??"]

1. d4 d5 2. c4 Nf6 3. Nc3 e6 4. Bg5 Be7 5. e3 b6 6. Nf3 Bb7 7. cxd5 Nxd5 8.
Bxe7 Qxe7 9. Be2 Nd7 10. O-O O-O 11. Rc1 Rfc8 12. Nxd5 exd5 13. Rc3 Nf6 14. Nd2
c6 15. Qc2 Rc7 16. Rc1 Rac8 17. a3 Ne4 18. Nxe4 dxe4 19. b4 g6 20. Qa4 a6 21.
Bxa6 Ra8 22. b5 c5 23. dxc5 bxc5 24. Qc4 Bxa6 25. bxa6 Rc6 26. Qb5 Rcxa6 27.
Rxc5 Rxa3 28. Rc8+ Rxc8 29. Rxc8+ 1/2-1/2

[Event "Østlandsserien 2000/2001. 4. div. C"]
[Site "?"]
[Date "2001.02.11"]
[Round "4"]
[White "Stene, Sigurd"]
[Black "Pettersen, Erling"]
[Result "0-1"]
[WhiteElo "1422"]
[BlackElo "1325"]
[PlyCount "57"]
[EventDate "2001.??.??"]

1. d4 Nf6 2. Nc3 e6 3. e4 Bb4 4. e5 Ne4 5. Bd2 Nxd2 6. Qxd2 c5 7. dxc5 Bxc5 8.
Ne4 b6 9. Nd6+ Bxd6 10. exd6 Bb7 11. f3 Nc6 12. Bd3 O-O 13. h4 Qf6 14. O-O-O h6
15. Be4 a5 16. g4 Qe5 17. Nh3 a4 18. c3 a3 19. b3 Rfe8 20. Kb1 Ra5 21. Rhe1 Qg3
22. Nf2 Qxh4 23. Rh1 Qf6 24. Nd3 Nd8 25. c4 Ba6 26. Qb4 Qd4 27. Rh2 Nc6 28. Qe1
Qxd6 29. Bxc6 0-1

[Event "Østlandsserien 2000/2001. 4. div. C"]
[Site "?"]
[Date "2001.03.10"]
[Round "5"]
[White "Simonsen, Steinar"]
[Black "Feraget, Sadik"]
[Result "1/2-1/2"]
[WhiteElo "1539"]
[BlackElo "1609"]
[PlyCount "83"]
[EventDate "2001.??.??"]

1. e4 c5 2. Nf3 Nc6 3. d4 cxd4 4. Nxd4 Nf6 5. Nc3 e6 6. Nxc6 bxc6 7. Bd3 e5 8.
O-O Be7 9. Qe2 Qc7 10. f4 Qb6+ 11. Kh1 d6 12. b3 exf4 13. Bxf4 Be6 14. e5 dxe5
15. Bxe5 Qa5 16. Na4 Ng4 17. Bg3 Nf6 18. Rae1 O-O 19. Bh4 Nd5 20. Qe4 g6 21.
Bxe7 Nxe7 22. Bc4 Nd5 23. h4 Rae8 24. Qd4 Rd8 25. Bxd5 Bxd5 26. Qf6 Qd2 27. Qf2
Qh6 28. Nc3 Be6 29. Ne4 Bd5 30. Nf6+ Kh8 31. Ng4 Qg7 32. a4 f5 33. Ne3 Be4 34.
Nc4 Qc3 35. Re2 Rfe8 36. a5 Re7 37. Qc5 Qh3+ 38. Kg1 Qxh4 39. Nd2 Rde8 40. Qd4+
Kg8 41. Qc4+ Kg7 42. Qd4+ 1/2-1/2

[Event "Østlandsserien 2000/2001. 4. div. C"]
[Site "?"]
[Date "2001.03.11"]
[Round "6"]
[White "Lunde, Sigmund"]
[Black "Simonsen, Steinar"]
[Result "1/2-1/2"]
[WhiteElo "1660"]
[BlackElo "1539"]
[PlyCount "120"]
[EventDate "2001.??.??"]

1. e4 e5 2. Nf3 Nc6 3. Bc4 Nf6 4. d3 d5 5. exd5 Nxd5 6. Qe2 Qd6 7. Bb5 f6 8. d4
Bg4 9. dxe5 Bxf3 10. exd6+ Bxe2 11. Bxc6+ bxc6 12. d7+ Kxd7 13. Kxe2 Bd6 14.
Rd1 Kc8 15. g3 h5 16. a3 h4 17. c4 Ne7 18. Nc3 hxg3 19. hxg3 Rh2 20. Kf3 Ng6
21. Ne4 Ne5+ 22. Ke2 Nxc4 23. b3 Be5 24. Ra2 Nd6 25. Nc5 Nb5 26. Kd3 Nc3 27.
Rad2 Nxd1 28. Rxd1 Bd6 29. Be3 Bxc5 30. Bxc5 Kb7 31. Kc4 Re8 32. Rd7 Rh1 33. b4
g6 34. Rf7 Rc1+ 35. Kb3 a5 36. Rxf6 axb4 37. axb4 Rg8 38. Rf7 Rd1 39. Be3 Rd5
40. Bf4 Rf5 41. Rxc7+ Kb6 42. Re7 Rxf4 43. gxf4 Rf8 44. Re4 Rf5 45. Kc4 g5 46.
fxg5 Rxg5 47. Rf4 Rg1 48. Kd4 Rb1 49. Ke5 Kb5 50. Re4 Rxb4 51. Rxb4+ Kxb4 52.
f4 c5 53. f5 c4 54. f6 c3 55. f7 c2 56. f8=Q+ Kb3 57. Qc5 Kb2 58. Qb4+ Ka2 59.
Qc3 Kb1 60. Qb3+ Ka1 1/2-1/2

[Event "Østlandsserien 2000/2001. 4. div. C"]
[Site "?"]
[Date "2001.03.11"]
[Round "6"]
[White "Moberg, Jan Rune"]
[Black "Forsberg, Jan"]
[Result "1/2-1/2"]
[WhiteElo "1501"]
[BlackElo "1561"]
[PlyCount "105"]
[EventDate "2001.??.??"]

1. Nf3 d5 2. d4 Nf6 3. Bg5 Nbd7 4. e3 e6 5. Bd3 c5 6. c3 Be7 7. Nbd2 O-O 8. O-O
Re8 9. Re1 Qc7 10. e4 dxe4 11. Nxe4 Nxe4 12. Rxe4 Bxg5 13. Nxg5 Nf6 14. Rh4 h6
15. Ne4 Nxe4 16. Bxe4 cxd4 17. Qxd4 e5 18. Qe3 f5 19. Bd5+ Be6 20. Rd1 Bxd5 21.
Rxd5 Rad8 22. Qd2 Qe7 23. Rh3 Rxd5 24. Qxd5+ Qf7 25. Rd3 Qxd5 26. Rxd5 Kf7 27.
f4 Kf6 28. fxe5+ Rxe5 29. Rd7 Re7 30. Rxe7 Kxe7 31. Kf2 Kd6 32. Ke3 Ke5 33. h4
g5 34. hxg5 hxg5 35. g3 b5 36. b3 Kd5 37. Kf3 a5 38. Ke3 a4 39. Kf3 Ke5 40. Ke3
Kd5 41. Kf3 a3 42. Ke3 Ke5 43. Kf3 f4 44. gxf4+ gxf4 45. c4 bxc4 46. bxc4 Kd4
47. c5 Kxc5 48. Kxf4 Kd4 49. Kf3 Kd3 50. Kf2 Kc2 51. Ke2 Kc1 52. Kd3 Kb2 53.
Kd2 1/2-1/2

[Event "Østlandsserien 2000/2001. 4. div. C"]
[Site "?"]
[Date "2001.03.11"]
[Round "6"]
[White "Rangøy, Tormod"]
[Black "Furnes, Torstein"]
[Result "0-1"]
[WhiteElo "1601"]
[BlackElo "1485"]
[PlyCount "132"]
[EventDate "2001.??.??"]

1. e4 c5 2. Nf3 Nc6 3. Bb5 d6 4. O-O Nf6 5. Re1 e5 6. c3 a6 7. Bxc6+ bxc6 8. d4
cxd4 9. cxd4 exd4 10. Nxd4 ({Her er 10.e5 sterkt. F.eks.} 10. e5 Nd5 11. exd6+
Be6 12. Nxd4 Qxd6 13. Nxe6 fxe6 14. Qg4) 10... Qc7 11. Bf4 Ng4 12. Nf5 Ne5 13.
Bg3 Bxf5 14. exf5 Be7 15. Qe2 f6 16. Nc3 Ra7 17. Rac1 Qd7 18. f4 Nf7 19. Qd3
O-O 20. Bf2 Raa8 21. Na4 Qb7 22. Rc3 d5 23. Rb3 Qc7 24. Bb6 {Hvit har hittil
hatt initiativet og stått best, men nå får jeg merbonde og motsjanser.} Qxf4
25. Rxe7 Qxa4 26. a3 {Truer dronningfangst med Tb4} Qf4 27. Be3 Qd6 28. Rbb7
Rae8 29. Red7 Qe5 30. Bc5 Qe1+ 31. Qf1 Qd2 32. Bb4 Qd4+ 33. Kh1 c5 34. Bc3 Qe4
35. h3 d4 36. Ba5 Qe2 37. Qc1 d3 {Gir tilbake merbonden. Jeg hadde tidsnød og
fikk ikke regnet så nøye på varianter, men jeg syntes det så lovende ut.} 38.
Qxc5 Rc8 $6 {Antagelig en feil. Hvit kan her spille Txf7!} 39. Qg1 (39. Rxf7
Qf1+ 40. Kh2 Qf4+ 41. g3 Qg5 42. Rxf8+ Rxf8 43. Bb4) 39... Rc2 40. Bb4 d2 41.
Rxf7 $2 {Ser kanskje umiddelbart godt ut, men er en feil. Bedre er kanskje Ved
første øyekast trodde jeg dette var håpløst tapt, men etterhvert fikk jeg øye
på (det ytterst midlertidige) dronningofferet som redder stillingen og gir
vunnet sluttspill.} (41. Bxf8 Rc1 42. Bc5 Rxg1+ 43. Bxg1 h5 44. Rxf7 d1=Q 45.
Rxg7+ Kf8 46. Rbf7+ Ke8 47. Rb7) 41... Qxg2+ $1 42. Qxg2 (42. Kxg2 d1=Q+ 43.
Qf2 Rxf2+ 44. Kxf2 Qd4+ {blir omtrent det samme som det som skjedde.}) 42...
d1=Q+ 43. Kh2 Rxg2+ 44. Kxg2 Qd5+ 45. Kf1 $6 {
Lar meg ta med meg f5-bonden før jeg avvikler til sluttspill.} Qxf5+ 46. Kg1
Qg6+ 47. Kh2 Qxf7 48. Rxf7 Rxf7 49. Kg3 f5 50. h4 g6 51. Kf4 Rd7 52. Bc3 Kf7
53. h5 Rd5 54. hxg6+ hxg6 {En mulig vinstplan for svart er nå å ofre tårnet
mot løperen, for deretter å gå og ta c-bonden fulgt av grei seier. Hvit kan
imens ikke slå den bakerste av de sammenhengende fribøndene, for da vil den
fremste gå rett inn til forvandling. Men jeg fulgte en litt annen plan.} 55. a4
Ke6 56. a5 Rd8 57. Kg5 Rg8 58. Bd2 Ke5 59. Bc3+ Ke4 60. Bd2 Rf8 61. Bf4 Kf3 62.
b4 Rc8 63. Bd6 Rc6 64. Bc5 f4 65. Kh4 Kg2 66. Kg4 f3 0-1

[Event "Østlandsserien 2000/2001. 4. div. C"]
[Site "?"]
[Date "2001.03.11"]
[Round "6"]
[White "Lund, Alf Haakon"]
[Black "Fosby, Frode"]
[Result "1-0"]
[WhiteElo "1468"]
[BlackElo "1154"]
[PlyCount "105"]
[EventDate "2001.??.??"]

1. e4 c6 2. d4 d5 3. Nc3 dxe4 4. Nxe4 Bf5 5. Ng3 Bg6 6. Nf3 Nd7 7. Bd3 Bxd3 8.
Qxd3 Ngf6 9. c4 Qc7 10. O-O e6 11. Re1 Bd6 12. Nf5 O-O 13. Nxd6 Qxd6 14. Qc3 c5
15. Be3 cxd4 16. Bxd4 Rac8 17. a4 Qc6 18. Nd2 b6 19. Qg3 Qc7 20. Qc3 Rfd8 21.
b3 e5 22. Be3 Ng4 23. Bg5 f6 24. Bh4 Nc5 25. b4 Rd3 26. Qc2 Rcd8 27. bxc5 Rxd2
28. Qf5 Qd7 29. Qxd7 R8xd7 30. f3 Nh6 31. cxb6 axb6 32. Bf2 R7d6 33. Rab1 Rc2
34. Rxb6 Rxb6 35. Bxb6 Rxc4 36. a5 Ra4 37. Rc1 Kf7 38. Rc7+ Kg6 39. Kf2 Ra2+
40. Kg3 Nf7 41. h3 h5 42. Rc6 e4 43. fxe4 Ne5 44. Rc5 Ra3+ 45. Kh2 Nd7 46. Rb5
Nxb6 47. axb6 Ra8 48. Kg3 Rb8 49. Kf4 Kf7 50. e5 fxe5+ 51. Kxe5 Ke7 52. Kf5 Kf7
53. b7 1-0

[Event "Østlandsserien 1999/2000, 1. div."]
[Site "Asker, Akershus NOR"]
[Date "1999.11.06"]
[Round "1"]
[White "Solem, Trond"]
[Black "Jansson, Jøran"]
[Result "0-1"]
[WhiteElo "2057"]
[BlackElo "2184"]
[PlyCount "148"]
[EventDate "1999.11.06"]
[Board "1"]
[WhiteTeam "Follo 1"]
[BlackTeam "Asker"]

1. d4 Nf6 2. c4 e6 3. Nc3 Bb4 4. e3 b6 5. Nge2 O-O 6. a3 Be7 7. d5 a5 8. g3 e5
9. Bg2 d6 10. O-O Qe8 11. Nb5 Bd8 12. Bd2 Bf5 13. b3 Nbd7 14. f3 Nc5 15. e4 Bd7
16. Nec3 h6 17. Qc2 Nh7 18. b4 Nb7 19. f4 f5 20. fxe5 dxe5 21. Rae1 axb4 22.
axb4 Nd6 23. Nxd6 cxd6 24. exf5 Qh5 25. Be4 Nf6 26. Qd1 Ng4 27. Qe2 Bxf5 28.
Ra1 Rxa1 29. Rxa1 Bd7 30. Be3 Qh3 31. Re1 h5 32. Nd1 h4 33. Qg2 Qxg2+ 34. Bxg2
Nxe3 35. Nxe3 h3 36. Be4 Bg5 37. Nc2 Ba4 38. Rf1 Rc8 39. Na3 Be3+ 40. Kh1 Bd2
41. Bf5 Ra8 42. Bxh3 Bxb4 43. Be6+ Kh7 44. Nb5 Bc5 45. Bf5+ Kh6 46. Nc7 Ra5 47.
Ne6 Bb3 48. Bd3 Ra8 49. g4 e4 50. Bxe4 Bxc4 51. Rf3 Ra1+ 52. Kg2 Rg1+ 53. Kh3
Re1 54. g5+ Kh5 55. Nxg7+ Kxg5 56. Ne6+ Kh5 57. Rf5+ Kg6 58. Nf4+ Kh6 59. Rh5+
Kg7 60. Ne6+ Kf6 61. Bf3 Rg1 62. Rh6+ Rg6 63. Rxg6+ Kxg6 64. Kg4 b5 65. Be4+
Kf6 66. Kf4 Bg1 67. h4 Bh2+ 68. Ke3 Ke5 69. Nc7 b4 70. h5 Bf4+ 71. Kf3 Bh6 72.
Bb1 b3 73. Kg4 Be2+ 74. Kh4 Bd1 0-1

[Event "Østlandsserien 1999/2000, 1. div."]
[Site "Asker, Akershus NOR"]
[Date "1999.11.06"]
[Round "1"]
[White "Hammerstad, Åsmund"]
[Black "Kleppe, Johannes"]
[Result "0-1"]
[WhiteElo "2057"]
[BlackElo "2184"]
[PlyCount "106"]
[EventDate "1999.11.06"]
[Board "2"]
[WhiteTeam "Asker"]
[BlackTeam "Follo 1"]

1. d4 Nf6 2. c4 e6 3. Nc3 Bb4 4. Qc2 c5 5. dxc5 Nc6 6. a3 Bxc5 7. Nf3 O-O 8.
Bg5 h6 9. Bh4 Be7 10. e3 b6 11. Be2 Bb7 12. O-O Nh5 13. Bxe7 Qxe7 14. Rfd1 Rfd8
15. Rd2 d6 16. Rad1 Rd7 17. Nd4 Nf6 18. Nxc6 Bxc6 19. Bf3 Bxf3 20. gxf3 Rad8
21. Qa4 g6 22. Nb5 d5 23. Nd4 Rc8 24. cxd5 Rxd5 25. b4 Qd7 26. Qxd7 Nxd7 27. f4
Nf6 28. f3 Rc3 29. Rd3 Rxd3 30. Rxd3 Rd7 31. Rc3 Nd5 32. Rd3 Nxe3 33. Rxe3 Rxd4
34. Rc3 Rxf4 35. Kg2 Kg7 36. Kg3 g5 37. h3 Kf6 38. Rc8 a5 39. b5 Rf5 40. a4 Rf4
41. Rb8 Rxa4 42. Rxb6 Rb4 43. Rb8 a4 44. Ra8 h5 45. b6 h4+ 46. Kf2 Kf5 47. b7
Rxb7 48. Rxa4 Rb2+ 49. Kg1 e5 50. Rc4 Rd2 51. Rc7 Kf4 52. Rxf7+ Kg3 53. Kf1
Rf2+ 0-1

[Event "Østlandsserien 1999/2000, 1. div."]
[Site "Asker, Akershus NOR"]
[Date "1999.11.06"]
[Round "1"]
[White "Sterk, Michel"]
[Black "Strand, Kjetil"]
[Result "0-1"]
[WhiteElo "1738"]
[BlackElo "1953"]
[PlyCount "42"]
[EventDate "1999.11.06"]
[Board "3"]
[WhiteTeam "Follo 1"]
[BlackTeam "Asker"]

1. d4 d5 2. c4 c6 3. Nc3 dxc4 4. a4 e5 5. e3 exd4 6. exd4 Be6 7. Nf3 Bb4 8. Bd2
Nf6 9. Be2 O-O 10. O-O Na6 11. Qc2 Be7 12. Nd1 Bd5 13. Ne5 Qb6 14. Bxc4 Qxd4
15. Bxa6 Qxe5 16. Bd3 Ng4 17. f4 Qh5 18. h3 Nf6 19. Nf2 Rfe8 20. Bc3 Qh4 21.
Nh1 Bc5+ 0-1

[Event "Østlandsserien 1999/2000, 1. div."]
[Site "Asker, Akershus NOR"]
[Date "1999.11.06"]
[Round "1"]
[White "Bjelke, Jørgen"]
[Black "Næssvold, Kjell"]
[Result "1-0"]
[WhiteElo "1964"]
[BlackElo "1830"]
[PlyCount "70"]
[EventDate "1999.11.06"]
[Board "4"]
[WhiteTeam "Asker"]
[BlackTeam "Follo 1"]

1. Nf3 Nf6 2. g3 d5 3. Bg2 c6 4. d3 Bg4 5. Nbd2 Nbd7 6. h3 Bh5 7. c4 e6 8. a3
a5 9. Qc2 Bd6 10. e4 dxe4 11. Nxe4 Nxe4 12. dxe4 O-O 13. O-O Ne5 14. Nxe5 Bxe5
15. Be3 Bd4 16. Bxd4 Qxd4 17. g4 Bg6 18. Rad1 Qb6 19. Rd7 Rad8 20. Rfd1 Rxd7
21. Rxd7 e5 22. c5 Qa7 23. Qc4 h5 24. Bf3 h4 25. g5 Qa8 26. Qb3 Qa7 27. Qc3 Re8
28. Qc4 Kf8 29. Bg4 Qb8 30. Bf5 Re7 31. Rd6 Bxf5 32. exf5 Qc8 33. Qxh4 Kg8 34.
g6 Re8 35. Qh7+ Kf8 1-0

[Event "Østlandsserien 1999/2000, 1. div."]
[Site "Ås, Akershus NOR"]
[Date "1999.11.07"]
[Round "2"]
[White "Hansen, Torbjørn Ringdal"]
[Black "Øgaard, Leif"]
[Result "1/2-1/2"]
[WhiteElo "2291"]
[BlackElo "2321"]
[PlyCount "115"]
[EventDate "1999.11.06"]
[Board "1"]
[WhiteTeam "Tempo"]
[BlackTeam "Follo 1"]

1. c4 e6 2. g3 d5 3. Bg2 Nf6 4. Nf3 c5 5. cxd5 exd5 6. d4 Nc6 7. O-O Be7 8. b3
O-O 9. Bb2 Re8 10. Nc3 Bg4 11. dxc5 Bxc5 12. Rc1 d4 13. Na4 Bb6 14. Nxb6 axb6
15. a3 Qd7 16. Qd3 Bf5 17. Qd2 Bh3 18. Bxd4 Bxg2 19. Kxg2 Nxd4 20. Qxd4 Rxe2
21. Qxd7 Nxd7 22. Rc7 Nc5 23. b4 Nd3 24. Rd7 Nb2 25. Rxb7 h6 26. Re1 Rxe1 27.
Nxe1 Nc4 28. Nc2 Nxa3 29. Nxa3 Rxa3 30. Rxb6 Rb3 31. h4 h5 32. Rb7 g6 33. b5
Kg7 34. Kf1 Rb2 35. Ke1 Kg8 36. Rb8+ Kg7 37. b6 Kf6 38. Kf1 Kg7 39. Kg1 Rb1+
40. Kg2 Rb3 41. Kf1 Rb2 42. Ke1 Kf6 43. f3 Ke5 44. Kd1 Kd6 45. Rb7 Ke6 46. Kc1
Rb3 47. Kc2 Rxf3 48. Rc7 (48. Re7+ $3 Kxe7 49. b7 Rf2+ 50. Kc3 Rf3+ 51. Kc4
Rxg3 52. b8=Q Rg4+ 53. Kd5 Rxh4 54. Ke5 $18) 48... Rf5 49. Rc3 Rb5 50. Rb3 Rxb3
51. Kxb3 Kd6 52. Kc4 Kc6 53. Kd4 f6 54. b7 Kxb7 55. Kd5 g5 56. Ke6 gxh4 57.
gxh4 Kc6 58. Kxf6 1/2-1/2

[Event "Østlandsserien 1999/2000, 1. div."]
[Site "Ås, Akershus NOR"]
[Date "1999.11.07"]
[Round "2"]
[White "Semakoff, Aleks"]
[Black "Eriksen, Terje"]
[Result "1/2-1/2"]
[WhiteElo "2129"]
[BlackElo "2095"]
[PlyCount "62"]
[EventDate "1999.11.06"]
[Board "2"]
[WhiteTeam "Follo 1"]
[BlackTeam "Tempo"]

1. e4 c6 2. d4 d5 3. exd5 cxd5 4. c4 Nf6 5. Nc3 e6 6. Nf3 Bb4 7. cxd5 exd5 8.
Bb5+ Nc6 9. O-O O-O 10. Bg5 Bxc3 11. bxc3 Qd6 12. Bxf6 Qxf6 13. Bxc6 Qxc6 14.
Qb3 Be6 15. Rfe1 Rfe8 16. Re3 h6 17. Rae1 Rad8 18. Ne5 Qc8 19. h3 Rd6 20. Qd1
Ra6 21. Qh5 Re7 22. Rg3 Kf8 23. Ree3 Rc7 24. Ref3 Ra3 25. Qg6 f6 26. Qc2 $2 (
26. Qh7 $18 Bg8 $2 27. Rxf6+) 26... Qd8 27. Qh7 Bg8 28. Ng6+ Kf7 29. Ne5+ Kf8
30. Ng6+ Kf7 31. Ne5+ Kf8 1/2-1/2

[Event "Østlandsserien 1999/2000, 1. div."]
[Site "Ås, Akershus NOR"]
[Date "1999.11.07"]
[Round "2"]
[White "Rørvik, Jon"]
[Black "Solem, Trond"]
[Result "0-1"]
[WhiteElo "2091"]
[BlackElo "2057"]
[PlyCount "68"]
[EventDate "1999.11.06"]
[Board "3"]
[WhiteTeam "Tempo"]
[BlackTeam "Follo 1"]

1. c4 f5 2. Nc3 Nf6 3. g3 g6 4. Bg2 Bg7 5. e3 O-O 6. d4 d6 7. Nge2 c6 8. d5 e5
9. dxe6 Bxe6 10. b3 Na6 11. O-O Qe7 12. Ba3 Nc5 13. Qc2 a5 14. Rad1 Rfd8 15.
Nd4 Bd7 16. Rfe1 Re8 17. Nde2 Rad8 18. Na4 Nce4 19. Nec3 b5 20. Nxe4 Nxe4 21.
cxb5 cxb5 22. Nb6 Be6 23. Nd5 Qf7 24. Bxe4 fxe4 25. Qxe4 Bf5 26. Qf3 b4 27. Bc1
Rc8 28. a3 Qe6 29. Nf4 Qxb3 30. axb4 Be4 31. Qg4 axb4 32. Rxd6 Qc4 33. Red1 Bc2
34. R1d2 Bf5 0-1